000 00738nam a22002177a 4500
999 _c15772
_d15772
003 AR-CdUCM
008 190307b ||||| |||| 00| 0 spa d
040 _aMUNICIPALIDAD PROVINCIAL DEL CUSCO
_cBIBLIOTECA MUNICIPAL DEL CUSCO
082 _a301 /
_bU72
100 _aUrquidi, Arturo
_912990
245 _aIntroducción a la sociología /
260 _aBolivia :
_bJuventud,
_c1975.
300 _a245 páginas ;
_c21 cm.
500 _aDonación sala Nieto
505 _aContenido: La naturaleza y el hombre -- El hombre en el espacio -- El hombre en el tiempo -- La vida en el planeta ...
650 _aEl hombre
_916004
650 _aOrigen
_915147
650 _aSociología
_9276
942 _2ddc
_cLIBROS
945 _arah
_d30/04/2019